000 00380nam a2200145Ia 4500
008 230917s9999||||xx |||||||||||||| ||und||
040 _e217786
_aMAIN
041 _aEnglish
082 _a615.535 A15H
100 _aAgarwal, Suresh Kumar
245 0 _aHealth and healing by water therapy
260 _aJaipur
_bCo-operation Publications
_c2014
300 _a151 p.
942 _cBK
999 _c134985
_d134985